[Event "11th EUR-ch"]
[Site "Rijeka CRO"]
[Date "2010.03.06"]
[Round "1"]
[White "Kreisl, Robert"]
[Black "Tregubov, Pavel"]
[Result "0-1"]
[WhiteElo "2389"]
[BlackElo "2625"]
[EventDate "2010.03.06"]
[PlyCount "82"]

1.e4 c5 2.Nf3 e6 3.d4 cxd4 4.Nxd4 Nc6 5.Nc3 Qc7 6.Be3 a6 7.Qd2 Nf6 8.O-O-O
Bb4 9.f3 Na5 10.Nb3 d5 11.Qd4 Nc6 12.Qd3 Ne5 13.Qd4 Bxc3 14.Qxc3 Qxc3 15.
bxc3 dxe4 16.Bd4 Ned7 17.fxe4 e5 18.Be3 Nxe4 19.Kb2 Ndf6 20.Be2 Be6 21.Bf3
Rc8 22.Rde1 O-O 23.Bf4 exf4 24.Bxe4 Bd5 25.Bxd5 Nxd5 26.Re4 b5 27.Nc1 Nxc3
28.Rxf4 Rfe8 29.Rhf1 f6 30.R4f3 Na4+ 31.Kb1 Re4 32.Rd3 b4 33.Rd6 a5 34.Rf5
Nc3+ 35.Kb2 a4 36.Nd3 Nd1+ 37.Kc1 Ne3 38.Rc5 Rxc5 39.Nxc5 Rc4 40.Nxa4 
Rxc2+ 41.Kb1 Rxg2 0-1

[Event "11th EUR-ch"]
[Site "Rijeka CRO"]
[Date "2010.03.06"]
[Round "1"]
[White "Giri, Anish"]
[Black "Kanarek, Marcel"]
[Result "1-0"]
[WhiteElo "2624"]
[BlackElo "2388"]
[EventDate "2010.03.06"]
[PlyCount "43"]

1.d4 Nf6 2.c4 g6 3.Nc3 d5 4.cxd5 Nxd5 5.e4 Nxc3 6.bxc3 Bg7 7.Nf3 c5 8.Be3 
Qa5 9.Qd2 Nc6 10.Rb1 a6 11.Rc1 f5 12.dxc5 fxe4 13.Nd4 Bd7 14.Be2 O-O-O 15.
Nb3 Qa4 16.O-O Ne5 17.Bd4 Bf6 18.Rb1 Bf5 19.Qb2 Nc6 20.Bxf6 exf6 21.Nd4 
Rd7 22.Bd1 1-0

[Event "11th EUR-ch"]
[Site "Rijeka CRO"]
[Date "2010.03.06"]
[Round "1"]
[White "Schmidt, Raul"]
[Black "Nyback, Tomi"]
[Result "1/2-1/2"]
[WhiteElo "2387"]
[BlackElo "2624"]
[EventDate "2010.03.06"]
[PlyCount "90"]

1.Nf3 d5 2.d4 Nf6 3.c4 e6 4.g3 dxc4 5.Bg2 c5 6.O-O Nc6 7.Qa4 Bd7 8.Qxc4 
cxd4 9.Nxd4 Rc8 10.Nc3 Nxd4 11.Qxd4 Bc5 12.Qh4 O-O 13.Bxb7 Rb8 14.Bf3 Rb4 
15.Qg5 Bd4 16.Qd2 Qc7 17.Nb5 Bxf2+ 18.Rxf2 Rxb5 19.b3 Bc6 20.Bb2 Bxf3 21.
exf3 Rd8 22.Rc1 Qb8 23.Qe3 Nd5 24.Qd4 f6 25.Rd2 Qb6 26.Qxb6 Rxb6 27.Bd4 
Rb7 28.Bf2 Kf7 29.Rc5 Rdd7 30.Rd4 g5 31.Ra5 f5 32.h4 h6 33.Kg2 Kf6 34.
hxg5+ hxg5 35.Rc4 Nb6 36.Bd4+ Kg6 37.Rb4 Rbc7 38.Re5 Rc2+ 39.Kf1 Rc6 40.g4
fxg4 41.Bxb6 axb6 42.Rxg4 Kf6 43.Re2 Rd3 44.Kg2 e5 45.Ra4 Rcd6 1/2-1/2

[Event "11th EUR-ch"]
[Site "Rijeka CRO"]
[Date "2010.03.06"]
[Round "1"]
[White "Mamedov, Nidjat"]
[Black "Platzgummer, Fabian"]
[Result "1-0"]
[WhiteElo "2623"]
[BlackElo "2383"]
[EventDate "2010.03.06"]
[PlyCount "69"]

1.e4 c5 2.Nf3 d6 3.d4 cxd4 4.Nxd4 Nf6 5.Nc3 a6 6.Be3 e6 7.f3 b5 8.Qd2 b4 
9.Na4 Nbd7 10.O-O-O Qa5 11.b3 Bb7 12.Kb1 Nc5 13.a3 Nxa4 14.axb4 Qc7 15.
bxa4 Nd7 16.a5 d5 17.b5 e5 18.b6 Qc8 19.exd5 exd4 20.Bxd4 Bxd5 21.Qe3+ Be6
22.f4 Be7 23.Bd3 Nf6 24.f5 Bxf5 25.Bxf5 Qxf5 26.Rhe1 Nd5 27.Qg3 Rc8 28.Rd3
Rc4 29.Qb8+ Rc8 30.Qe5 Qd7 31.Bb2 Rc5 32.Red1 Qa4 33.Qb8+ Bd8 34.Re1+ Kd7 
35.Qb7+ 1-0

[Event "11th EUR-ch"]
[Site "Rijeka CRO"]
[Date "2010.03.06"]
[Round "1"]
[White "Pavlidis, Antonios"]
[Black "Balogh, Csaba"]
[Result "0-1"]
[WhiteElo "2376"]
[BlackElo "2622"]
[EventDate "2010.03.06"]
[PlyCount "76"]

1.e4 c5 2.Nf3 e6 3.d4 cxd4 4.Nxd4 a6 5.Bd3 Bc5 6.Nb3 Ba7 7.c4 Nc6 8.Nc3 d6
9.O-O Nge7 10.Qe2 O-O 11.Be3 e5 12.Rfd1 Nd4 13.Bxd4 exd4 14.Nd5 Nc6 15.f4 
Be6 16.Qh5 f6 17.e5 f5 18.Re1 dxe5 19.fxe5 Qd7 20.Nf4 Rae8 21.Qh3 g6 22.
Re2 Qc7 23.Rae1 Nb4 24.Nxe6 Rxe6 25.c5 Kh8 26.Bc4 Re7 27.a3 Nc6 28.e6 Rd8 
29.Kh1 Qf4 30.Qd3 Bb8 31.g3 Qg4 32.Nd2 f4 33.gxf4 Bxf4 34.Qe4 d3 35.Rg2 
Qf5 36.Qxf5 gxf5 37.Rf1 Rd4 38.Ba2 Ne5 0-1

[Event "11th EUR-ch"]
[Site "Rijeka CRO"]
[Date "2010.03.06"]
[Round "1"]
[White "Kokarev, Dmitry"]
[Black "Mazi, Leon"]
[Result "1-0"]
[WhiteElo "2622"]
[BlackElo "2375"]
[EventDate "2010.03.06"]
[PlyCount "77"]

1.e4 c5 2.Nf3 d6 3.d4 cxd4 4.Nxd4 Nf6 5.Nc3 a6 6.Bg5 e6 7.f4 Qc7 8.Bxf6 
gxf6 9.Be2 b5 10.a4 b4 11.Na2 d5 12.exd5 Qxf4 13.Rf1 Qxh2 14.Qd3 Qh4+ 15.
g3 Qg5 16.Qc4 Qxg3+ 17.Rf2 Bd7 18.dxe6 fxe6 19.Nxe6 Bh6 20.Nxb4 Qg1+ 21.
Bf1 Ra7 22.Qd4 Bxe6 23.Qxa7 Qg3 24.Qb6 Kf7 25.Ra3 Qh4 26.Rf3 Nd7 27.Qb7 
Re8 28.Be2 Qh1+ 29.Rf1 Qh4+ 30.Kd1 Qd4+ 31.Nd3 Re7 32.Qb4 Qd5 33.Qh4 Bg5 
34.Qxh7+ Ke8 35.Qh8+ Nf8 36.Rxf6 Bxf6 37.Qxf6 Bf7 38.Qxa6 Be6 39.Qb5+ 1-0

[Event "11th EUR-ch"]
[Site "Rijeka CRO"]
[Date "2010.03.06"]
[Round "1"]
[White "Jacobsen, Bo"]
[Black "Azarov, Sergei"]
[Result "0-1"]
[WhiteElo "2375"]
[BlackElo "2621"]
[EventDate "2010.03.06"]
[PlyCount "44"]

1.c4 Nf6 2.Nf3 e6 3.g3 d5 4.d4 Bb4+ 5.Bd2 Be7 6.Nc3 O-O 7.Bg2 dxc4 8.O-O 
Nbd7 9.e4 c5 10.e5 Nd5 11.Qe2 Nxc3 12.Bxc3 b5 13.dxc5 Bb7 14.Rfd1 Qc8 15.
b4 cxb3 16.axb3 Nxc5 17.Bb4 a5 18.Rxa5 Rxa5 19.Bxa5 Nxb3 20.Qxb5 Qc2 21.
Rf1 Bc6 22.Qb6 Bd8 0-1

[Event "11th EUR-ch"]
[Site "Rijeka CRO"]
[Date "2010.03.06"]
[Round "1"]
[White "Gelashvili, Tamaz"]
[Black "Dragomirescu, Robin-Alexandru"]
[Result "1-0"]
[WhiteElo "2621"]
[BlackElo "2372"]
[EventDate "2010.03.06"]
[PlyCount "59"]

1.Nf3 Nf6 2.e3 g6 3.b3 Bg7 4.Bb2 O-O 5.Be2 d6 6.d4 Nbd7 7.c4 e5 8.dxe5 Ng4
9.h3 Ngxe5 10.Nc3 Nxf3+ 11.Bxf3 Ne5 12.Be2 Qg5 13.g3 Be6 14.h4 Qd8 15.h5 
a6 16.Qd2 Rb8 17.h6 Bh8 18.f4 Nc6 19.Nd5 Bxb2 20.Qxb2 f6 21.Bf3 Rf7 22.g4 
Qf8 23.O-O-O Re8 24.Rdg1 Bc8 25.g5 fxg5 26.Rxg5 Bf5 27.Qc3 Nd8 28.Rxf5 
Rxf5 29.Nxc7 Re7 30.Bd5+ 1-0

[Event "11th EUR-ch"]
[Site "Rijeka CRO"]
[Date "2010.03.06"]
[Round "1"]
[White "Lanzani, Mario"]
[Black "Iordachescu, Viorel"]
[Result "1/2-1/2"]
[WhiteElo "2371"]
[BlackElo "2621"]
[EventDate "2010.03.06"]
[PlyCount "59"]

1.d4 Nf6 2.c4 e6 3.Nc3 Bb4 4.e3 O-O 5.Bd3 d5 6.Nf3 c5 7.O-O Nbd7 8.cxd5 
exd5 9.a3 cxd4 10.axb4 dxc3 11.Qb3 Ne4 12.Qxd5 Ndf6 13.Qxd8 Rxd8 14.Nd4 
Be6 15.f3 Nd2 16.Bxd2 cxd2 17.Kf2 Nd5 18.b5 Nf4 19.Be4 Bd5 20.exf4 Bxe4 
21.Ke3 Bd5 22.Rfd1 Rd7 23.b3 f5 24.Rxd2 Bf7 25.Raa2 g6 26.g4 Re8+ 27.Kf2 
Red8 28.Ke3 Re8+ 29.Kf2 Red8 30.Ke3 1/2-1/2

[Event "11th EUR-ch"]
[Site "Rijeka CRO"]
[Date "2010.03.06"]
[Round "1"]
[White "Belov, Vladimir"]
[Black "Slavin, Alexei"]
[Result "1-0"]
[WhiteElo "2619"]
[BlackElo "2368"]
[EventDate "2010.03.06"]
[PlyCount "67"]

1.d4 Nf6 2.Nf3 e6 3.g3 b5 4.Bg2 Bb7 5.O-O c5 6.c3 Na6 7.Bg5 Be7 8.Qd3 Qb6 
9.a4 b4 10.Nbd2 O-O 11.e4 h6 12.Nc4 Qc7 13.Bxf6 Bxf6 14.d5 exd5 15.exd5 d6
16.Nfd2 Rfd8 17.Rab1 Be7 18.Rfe1 Bf8 19.Ne4 Rac8 20.g4 Nb8 21.g5 Nd7 22.
gxh6 g6 23.Ng5 Bxh6 24.Ne6 fxe6 25.Qxg6+ Bg7 26.Qxe6+ Kf8 27.Qe7+ Kg8 28.
Qe6+ Kf8 29.Qe7+ Kg8 30.Nxd6 Ne5 31.Nxc8 Rxc8 32.Qe6+ Nf7 33.d6 Qb8 34.d7 
1-0

[Event "11th EUR-ch"]
[Site "Rijeka CRO"]
[Date "2010.03.06"]
[Round "1"]
[White "Bentivegna, Francesco"]
[Black "Markus, Robert"]
[Result "0-1"]
[WhiteElo "2361"]
[BlackElo "2618"]
[EventDate "2010.03.06"]
[PlyCount "70"]

1.e4 c5 2.c3 d6 3.d4 Nf6 4.Bd3 g6 5.dxc5 dxc5 6.e5 Nfd7 7.Nf3 Nc6 8.Qe2 
Bg7 9.e6 fxe6 10.Bf4 O-O 11.Bg3 Nde5 12.Nxe5 Nxe5 13.Bxe5 Bxe5 14.Nd2 Bg7 
15.h4 Qd5 16.Be4 Qh5 17.Qxh5 gxh5 18.Bf3 Rb8 19.Bxh5 b5 20.Rb1 Bb7 21.Bf3 
Bd5 22.a3 b4 23.axb4 cxb4 24.c4 Bxf3 25.Nxf3 a5 26.b3 a4 27.bxa4 b3 28.O-O
Rfc8 29.Rfc1 Rb4 30.a5 b2 31.Re1 Rbxc4 32.Kf1 Ra4 33.Rxe6 Rc1+ 34.Re1 Ra1 
35.Nd2 Bc3 0-1

[Event "11th EUR-ch"]
[Site "Rijeka CRO"]
[Date "2010.03.06"]
[Round "1"]
[White "Banikas, Hristos"]
[Black "Hoffmann, Paul"]
[Result "1-0"]
[WhiteElo "2617"]
[BlackElo "2361"]
[EventDate "2010.03.06"]
[PlyCount "107"]

1.c4 c5 2.g3 Nf6 3.Bg2 e6 4.Nf3 Nc6 5.Nc3 Be7 6.O-O O-O 7.d4 cxd4 8.Nxd4 
a6 9.Bf4 Nxd4 10.Qxd4 d6 11.Qd3 Qc7 12.Rac1 h6 13.Rfd1 e5 14.Bd2 Be6 15.b3
Rac8 16.Qf3 b5 17.Nd5 Bxd5 18.cxd5 Qb7 19.Qf5 b4 20.Rc6 a5 21.Rdc1 Rxc6 
22.dxc6 Qc7 23.Qd3 Rb8 24.Rc2 Bd8 25.Bc1 Qe7 26.Qa6 Bc7 27.e4 Kh7 28.Qc4 
Qe6 29.Qf1 g6 30.Bh3 Qe7 31.Qc4 Rd8 32.Be3 d5 33.exd5 Rxd5 34.Rc1 Kg7 35.
Bg2 Rd8 36.Bc5 Qe6 37.Qa6 Rb8 38.Qa7 Qc8 39.Be3 Ra8 40.Qc5 Qf8 41.Qc4 Qc8 
42.Rd1 Qe6 43.Qxe6 fxe6 44.Kf1 g5 45.Ke2 e4 46.Bxe4 Nxe4 47.Rd7+ Kg6 48.
Rxc7 Nc3+ 49.Kd3 Nd5 50.Rd7 Rc8 51.Rd6 Kf5 52.Kc4 Nc3 53.Bd4 Ne4 54.g4+ 
1-0

[Event "11th EUR-ch"]
[Site "Rijeka CRO"]
[Date "2010.03.06"]
[Round "1"]
[White "Wintzer, Joachim"]
[Black "Edouard, Romain"]
[Result "1/2-1/2"]
[WhiteElo "2361"]
[BlackElo "2617"]
[EventDate "2010.03.06"]
[PlyCount "89"]

1.c4 Nf6 2.Nc3 e5 3.Nf3 Nc6 4.g3 d5 5.cxd5 Nxd5 6.Bg2 Nb6 7.O-O Be7 8.a3 
O-O 9.d3 Re8 10.b4 Bf8 11.Bb2 Be6 12.Rc1 a5 13.b5 Nd4 14.Nd2 a4 15.Bxb7 
Ra5 16.Rb1 Qd7 17.Qc1 Bd5 18.Bxd5 Nxd5 19.Re1 Nxc3 20.Bxc3 Rxb5 21.Bxd4 
exd4 22.Rxb5 Qxb5 23.Nc4 Qb3 24.Kf1 Rb8 25.Qa1 Bc5 26.Rc1 h5 27.h4 Qb7 28.
Kg1 Qd5 29.Nd2 c6 30.Rc4 Re8 31.Qd1 Bxa3 32.Rxa4 Bf8 33.Nf3 c5 34.Qd2 g6 
35.Ra7 Qe6 36.Kf1 Bd6 37.Qa2 Qh3+ 38.Kg1 Qf5 39.Ra8 Rxa8 40.Qxa8+ Kg7 41.
Qc6 Be7 42.Kg2 Bf8 43.Ng5 Be7 44.Ne4 Kf8 45.Qa8+ 1/2-1/2

[Event "11th EUR-ch"]
[Site "Rijeka CRO"]
[Date "2010.03.06"]
[Round "1"]
[White "Khairullin, Ildar"]
[Black "Valsecchi, Alessio"]
[Result "1-0"]
[WhiteElo "2617"]
[BlackElo "2360"]
[EventDate "2010.03.06"]
[PlyCount "141"]

1.c4 Nf6 2.Nc3 g6 3.d4 Bg7 4.e4 d6 5.Nf3 O-O 6.h3 c5 7.d5 e6 8.Bd3 exd5 9.
cxd5 b5 10.Nxb5 Re8 11.O-O Nxe4 12.Re1 Nf6 13.Rxe8+ Nxe8 14.Bg5 f6 15.Bf4 
a6 16.Nc3 Nd7 17.Nd2 f5 18.Nc4 Nb6 19.Qd2 Nxc4 20.Bxc4 Bd7 21.Re1 Bf6 22.
Qd3 Qb6 23.b3 Ng7 24.Bd2 Bb5 25.Na4 Qb7 26.Nc3 Bxc4 27.bxc4 Qc7 28.Rb1 Rb8
29.Rb3 Rxb3 30.axb3 Be5 31.Ne2 Nh5 32.g4 fxg4 33.hxg4 Nf6 34.f3 Qf7 35.Kg2
Nd7 36.Qe4 Qe7 37.Bf4 Kf7 38.Bg3 Nf6 39.Qe3 Bxg3 40.Qxe7+ Kxe7 41.Kxg3 g5 
42.Kf2 h5 43.gxh5 Nxh5 44.Ke3 Kf7 45.Nc3 Nf6 46.Na4 Nd7 47.f4 gxf4+ 48.
Kxf4 Kf6 49.Nc3 Ke7 50.Ne4 Nf6 51.Ng3 Ne8 52.Kg5 Nc7 53.Nf5+ Kd7 54.Kf6 a5
55.Ne3 Na8 56.Nd1 Nc7 57.Kf7 Na6 58.Nc3 Nb4 59.Ne4 Nd3 60.Nf6+ Kc7 61.Ke7 
a4 62.bxa4 Nb2 63.Ne8+ Kb6 64.Nxd6 Ka5 65.Nb7+ Kxa4 66.Nxc5+ Kb4 67.d6 
Nxc4 68.d7 Na5 69.Kd6 Nc4+ 70.Kc7 Kxc5 71.d8=Q 1-0

[Event "11th EUR-ch"]
[Site "Rijeka CRO"]
[Date "2010.03.06"]
[Round "1"]
[White "Grimberg, Boris"]
[Black "Vorobiov, Evgeny"]
[Result "0-1"]
[WhiteElo "2352"]
[BlackElo "2616"]
[EventDate "2010.03.06"]
[PlyCount "84"]

1.e4 c5 2.Nf3 Nc6 3.d4 cxd4 4.Nxd4 e6 5.Nc3 Qc7 6.Be3 a6 7.Bd3 Nf6 8.O-O 
h5 9.h3 b5 10.Nb3 Ne5 11.f4 Nc4 12.Bxc4 bxc4 13.Nd2 Bb7 14.Qe2 Rc8 15.Rad1
h4 16.e5 Nd5 17.Nxd5 Bxd5 18.Nf3 Qb7 19.c3 Be4 20.Rf2 Be7 21.Bd4 a5 22.Nh2
a4 23.a3 f5 24.exf6 gxf6 25.Ng4 Kf7 26.f5 exf5 27.Ne3 Bd3 28.Rxd3 cxd3 29.
Qxd3 Qe4 30.Qf1 Rh5 31.Nxf5 Rc6 32.Rf4 Qe6 33.Qf3 Qe1+ 34.Qf1 Qxf1+ 35.
Kxf1 Bc5 36.Nxh4 Rb6 37.Bxc5 Rxc5 38.Rxa4 Rxb2 39.Rd4 d5 40.Nf3 Rxc3 41.
Kg1 Rcc2 42.Rg4 Rc4 0-1

[Event "11th EUR-ch"]
[Site "Rijeka CRO"]
[Date "2010.03.06"]
[Round "1"]
[White "Hracek, Zbynek"]
[Black "Szamoskozi, Gabor"]
[Result "1/2-1/2"]
[WhiteElo "2615"]
[BlackElo "2347"]
[EventDate "2010.03.06"]
[PlyCount "83"]

1.d4 Nf6 2.c4 c5 3.Nf3 cxd4 4.Nxd4 Nc6 5.Nc3 g6 6.e4 Bg7 7.Be3 Ng4 8.Qxg4 
Nxd4 9.Qd1 Nc6 10.Qd2 d6 11.Be2 O-O 12.O-O Re8 13.Nd5 Bd7 14.Rad1 b6 15.b3
Ne5 16.Bd4 Bc6 17.f4 Nd7 18.Bxg7 Kxg7 19.e5 Bxd5 20.Qxd5 Rc8 21.Qd4 f6 22.
exd6 e5 23.fxe5 Rxe5 24.Bf3 Qe8 25.Bg4 Rd8 26.b4 h5 27.Bxd7 Qxd7 28.Rfe1 
Qxd6 29.Qxd6 Rxd6 30.Rxd6 Rxe1+ 31.Kf2 Re7 32.Rc6 g5 33.c5 bxc5 34.Rxc5 
Kg6 35.Ra5 Rc7 36.b5 Rc2+ 37.Kf3 g4+ 38.Kg3 Rc3+ 39.Kf4 Rc4+ 40.Kg3 Rc3+ 
41.Kf4 Rc4+ 42.Kg3 1/2-1/2

[Event "11th EUR-ch"]
[Site "Rijeka CRO"]
[Date "2010.03.06"]
[Round "1"]
[White "Onoprienko, Vladimir"]
[Black "Lysyi, Igor"]
[Result "0-1"]
[WhiteElo "2346"]
[BlackElo "2615"]
[EventDate "2010.03.06"]
[PlyCount "118"]

1.e4 e6 2.d4 d5 3.Nc3 Nf6 4.Bg5 dxe4 5.Nxe4 Nbd7 6.Nf3 h6 7.Nxf6+ Nxf6 8.
Bd2 c5 9.Bb5+ Bd7 10.Qe2 cxd4 11.Nxd4 Bc5 12.Bxd7+ Qxd7 13.Nb3 Be7 14.
O-O-O Qa4 15.Kb1 O-O 16.Bc3 Rfd8 17.Rd4 Qc6 18.f4 Nd5 19.Bd2 Rdc8 20.Rc1 
Bf6 21.Re4 Nb6 22.c4 Na4 23.Rc2 Nc5 24.Nxc5 Qxc5 25.g4 Rd8 26.Bc3 Bxc3 27.
Rxc3 Rd6 28.Re5 Qg1+ 29.Rc1 Qd4 30.f5 exf5 31.gxf5 Rad8 32.Re8+ Kh7 33.
Rxd8 Rxd8 34.a3 Qf6 35.Qf2 Rd4 36.Ka2 Qd6 37.Qg2 b6 38.Qb7 Qf6 39.Qxa7 Rd2
40.Rb1 Rxh2 41.c5 bxc5 42.Qxc5 Re2 43.a4 h5 44.Qb5 Re5 45.Qd3 Rxf5 46.Rf1 
g6 47.Rxf5 Qxf5 48.Qxf5 gxf5 49.a5 f4 50.a6 f3 51.a7 f2 52.a8=Q f1=Q 53.
Qe4+ Kh6 54.Qe3+ Kg6 55.Qg3+ Kf5 56.b4 Qc4+ 57.Ka3 h4 58.Qf2+ Qf4 59.Qc2+ 
Kg4 0-1

[Event "11th EUR-ch"]
[Site "Rijeka CRO"]
[Date "2010.03.06"]
[Round "1"]
[White "Howell, David"]
[Black "Morchiashvili, Bachana"]
[Result "1-0"]
[WhiteElo "2612"]
[BlackElo "2345"]
[EventDate "2010.03.06"]
[PlyCount "105"]

1.e4 c6 2.Nf3 d5 3.Nc3 a6 4.d3 dxe4 5.Nxe4 Bf5 6.Qe2 e6 7.g3 Be7 8.Bg2 Nf6
9.Bd2 O-O 10.Nh4 Re8 11.O-O-O Nbd7 12.Nxf5 exf5 13.Nc3 g6 14.h3 Bf8 15.Qf1
Nb6 16.Re1 Rxe1+ 17.Qxe1 Nfd5 18.Nxd5 Nxd5 19.g4 Bg7 20.Qe2 fxg4 21.hxg4 
Qf6 22.c3 Nf4 23.Qe4 Nxg2 24.Qxg2 Rd8 25.Qh3 h6 26.f4 Qd6 27.Kc2 Re8 28.f5
g5 29.Qf3 Qf6 30.Be3 Qd6 31.Bf2 b5 32.Re1 Rxe1 33.Bxe1 Kh7 34.Bg3 Qd5 35.
Qxd5 cxd5 36.b3 Bf8 37.c4 bxc4 38.dxc4 dxc4 39.bxc4 h5 40.gxh5 Kh6 41.Kd3 
Kxh5 42.Ke4 g4 43.Kd5 Kg5 44.c5 Bxc5 45.Kxc5 Kxf5 46.Kd5 Kg5 47.a4 f5 48.
Ke5 Kg6 49.a5 Kg5 50.Bf4+ Kg6 51.Ke6 Kg7 52.Kxf5 Kf7 53.Ke5 1-0

[Event "11th EUR-ch"]
[Site "Rijeka CRO"]
[Date "2010.03.06"]
[Round "1"]
[White "Kozlitin, Roman"]
[Black "Petrosian, Tigran L."]
[Result "0-1"]
[WhiteElo "2344"]
[BlackElo "2612"]
[EventDate "2010.03.06"]
[PlyCount "74"]

1.e4 c6 2.d4 d5 3.Nc3 dxe4 4.Nxe4 Bf5 5.Ng3 Bg6 6.h4 h6 7.h5 Bh7 8.Nf3 
Qa5+ 9.c3 Nd7 10.Bd3 Bxd3 11.Qxd3 Ngf6 12.Bd2 e6 13.c4 Bb4 14.a3 Bxd2+ 15.
Qxd2 Qxd2+ 16.Kxd2 c5 17.Rh4 O-O 18.Ke2 Rac8 19.Rd1 a5 20.dxc5 Nxc5 21.
Rhd4 Nb3 22.R4d3 a4 23.Ne5 b5 24.cxb5 Nc1+ 25.Rxc1 Rxc1 26.Rc3 Rb1 27.Nd3 
Rb8 28.Rc4 Rxb5 29.Rxa4 Nxh5 30.Ra8+ Kh7 31.Ne4 f5 32.Nc3 R1xb2+ 33.Nxb2 
Rxb2+ 34.Ke3 f4+ 35.Kf3 Rb3 36.Rc8 Rxa3 37.Kg4 Nf6+ 0-1

[Event "11th EUR-ch"]
[Site "Rijeka CRO"]
[Date "2010.03.06"]
[Round "1"]
[White "Volkov, Sergei"]
[Black "Schiendorfer, Emanuel"]
[Result "1-0"]
[WhiteElo "2612"]
[BlackElo "2340"]
[EventDate "2010.03.06"]
[PlyCount "175"]

1.d4 d5 2.c4 e6 3.Nc3 Nf6 4.cxd5 exd5 5.Bg5 Be7 6.e3 c6 7.Qc2 Nbd7 8.Bd3 
O-O 9.Nf3 Re8 10.h3 Ne4 11.Bf4 Ndf6 12.O-O g6 13.Ne5 Nxc3 14.bxc3 Nd7 15.
Nf3 Nf8 16.a4 Ne6 17.Be5 Bd6 18.c4 Bxe5 19.Nxe5 Ng7 20.Rfb1 f6 21.Nf3 Re7 
22.cxd5 cxd5 23.Rb5 Be6 24.Rab1 Rc8 25.Rc5 Rec7 26.a5 Rxc5 27.dxc5 Qxa5 
28.Rxb7 Qxc5 29.Nd4 Qxc2 30.Bxc2 Bf7 31.Bb3 a5 32.Ra7 Ne8 33.Rxa5 Rd8 34.
Ra7 Nd6 35.Nc6 Re8 36.Ba2 Kf8 37.Nb4 Nb5 38.Ra6 Nc3 39.Rxf6 Nxa2 40.Nxa2 
Kg7 41.Ra6 d4 42.exd4 Re1+ 43.Kh2 Rd1 44.Nc3 Rxd4 45.f3 Rd7 46.h4 h6 47.
Ne4 Rc7 48.Rd6 Ra7 49.Kg3 Rc7 50.Nf2 Ra7 51.Ng4 Rb7 52.Ne5 Rb5 53.Ng4 Rb7 
54.Ra6 Re7 55.Rb6 Ra7 56.Nf2 Rc7 57.Rd6 Ra7 58.Ne4 Rc7 59.Kf4 Ra7 60.g4 
Rc7 61.Kg3 Ra7 62.Nf2 Rb7 63.Nd3 Re7 64.Kf4 Ra7 65.Ne5 Ra4+ 66.Kg3 Ra7 67.
Rb6 Re7 68.Kf4 Ra7 69.Rb4 Rc7 70.Ra4 Rb7 71.Ra5 Rb4+ 72.Ke3 Rb7 73.Kd4 Rc7
74.Ra8 Rb7 75.Ra6 Rc7 76.f4 Rb7 77.Kc5 Re7 78.g5 hxg5 79.hxg5 Rc7+ 80.Kd6 
Rb7 81.Rc6 Bb3 82.Rc7+ Rxc7 83.Kxc7 Ba2 84.Kd6 Bb3 85.Ke7 Ba2 86.Nd7 Bb1 
87.Nf8 Bf5 88.Ne6+ 1-0

[Event "11th EUR-ch"]
[Site "Rijeka CRO"]
[Date "2010.03.06"]
[Round "1"]
[White "Ramesa, Davor"]
[Black "Pelletier, Yannick"]
[Result "0-1"]
[WhiteElo "2339"]
[BlackElo "2611"]
[EventDate "2010.03.06"]
[PlyCount "144"]

1.Nf3 Nf6 2.c4 e6 3.g3 a6 4.Bg2 b5 5.b3 Bb7 6.Nc3 b4 7.Na4 Be7 8.O-O O-O 
9.a3 a5 10.axb4 axb4 11.d4 Qc8 12.Re1 Na6 13.Bg5 h6 14.Bxf6 Bxf6 15.e4 d6 
16.Qd2 Rd8 17.Ra2 Qb8 18.Re2 c5 19.d5 Nc7 20.h4 exd5 21.exd5 Bc8 22.Nh2 
Bd7 23.Be4 h5 24.Bb1 Ne8 25.Nf3 Qc7 26.Ng5 Bxa4 27.Rxa4 Rxa4 28.bxa4 g6 
29.Qd3 Rb8 30.Bc2 Ng7 31.Ne4 Be5 32.Nd2 Nf5 33.Nb3 Ra8 34.Qf3 Nh6 35.a5 
Ng4 36.Kg2 Qd7 37.Qe4 Bf6 38.f4 Nh6 39.Qe3 Kg7 40.Qf3 Nf5 41.Bxf5 Qxf5 42.
Qe4 Qg4 43.Qf3 Qd7 44.f5 Qxf5 45.Qxf5 gxf5 46.Kf3 Be5 47.Ra2 Ra6 48.Re2 
Kf6 49.Ra2 Ke7 50.Re2 f6 51.Rg2 Kd7 52.Rf2 Ra8 53.Ra2 Kc7 54.a6 Kb6 55.a7 
Rxa7 56.Rxa7 Kxa7 57.Nc1 Kb6 58.Nb3 Kc7 59.Nc1 Kd7 60.Nb3 Ke7 61.Nc1 Kf7 
62.Nb3 Kg6 63.Nc1 f4 64.gxf4 Bc3 65.Ke4 Be1 66.f5+ Kh6 67.Nb3 Bxh4 68.Kf4 
Be1 69.Kf3 Kg5 70.Nxc5 dxc5 71.d6 b3 72.d7 Ba5 0-1

[Event "11th EUR-ch"]
[Site "Rijeka CRO"]
[Date "2010.03.06"]
[Round "1"]
[White "Stevic, Hrvoje"]
[Black "Pavlidis, Anastasios"]
[Result "1-0"]
[WhiteElo "2610"]
[BlackElo "2338"]
[EventDate "2010.03.06"]
[PlyCount "71"]

1.e4 c5 2.c3 Nf6 3.e5 Nd5 4.d4 cxd4 5.Nf3 Nc6 6.cxd4 d6 7.Bc4 Nb6 8.Bb5 
dxe5 9.Nxe5 Bd7 10.Nxd7 Qxd7 11.Nc3 e6 12.O-O Rd8 13.a4 Be7 14.a5 Nd5 15.
a6 Ndb4 16.axb7 Qxb7 17.Be3 O-O 18.Qf3 a6 19.Ba4 Qb6 20.d5 Nd4 21.Bxd4 
Qxd4 22.dxe6 fxe6 23.Qe2 Bc5 24.Rad1 Nd3 25.Bc2 Nf4 26.Qg4 Qb4 27.Rxd8 
Rxd8 28.g3 Qxb2 29.Qh4 Rd4 30.Bxh7+ Kf8 31.Ne4 Ne2+ 32.Kg2 Be7 33.Qg4 Qb5 
34.Re1 Rxe4 35.Qxe4 Nc3 36.Qf3+ 1-0

[Event "11th EUR-ch"]
[Site "Rijeka CRO"]
[Date "2010.03.06"]
[Round "1"]
[White "Raznikov, Danny"]
[Black "Andriasian, Zaven"]
[Result "1-0"]
[WhiteElo "2331"]
[BlackElo "2609"]
[EventDate "2010.03.06"]
[PlyCount "91"]

1.d4 d5 2.c4 c6 3.Nf3 Nf6 4.e3 e6 5.b3 Ne4 6.Bd3 Nd7 7.Qc2 f5 8.O-O Qf6 9.
Ba3 Bxa3 10.Nxa3 O-O 11.Rac1 a5 12.Nb1 Qh6 13.Nc3 Rf6 14.Ne2 g5 15.Ne5 Qh4
16.f3 Rh6 17.fxe4 dxe4 18.Bxe4 Qxh2+ 19.Kf2 Qh4+ 20.Ng3 f4 21.exf4 gxf4 
22.Qd3 Nf6 23.Rh1 Qxg3+ 24.Qxg3+ fxg3+ 25.Kf3 Rh2 26.Rxh2 gxh2 27.Rh1 Bd7 
28.Rxh2 Be8 29.g4 Kg7 30.g5 Nxe4 31.Kxe4 a4 32.Rh6 axb3 33.axb3 Bg6+ 34.
Nxg6 hxg6 35.Ke5 Ra5+ 36.Kxe6 Rxg5 37.Rh3 Rg1 38.Rd3 Kf8 39.Kd7 Rf1 40.d5 
cxd5 41.cxd5 g5 42.Rg3 Rf7+ 43.Kd8 Rf5 44.d6 Kf7 45.d7 Rc5 46.Rf3+ 1-0

[Event "11th EUR-ch"]
[Site "Rijeka CRO"]
[Date "2010.03.06"]
[Round "1"]
[White "Saric, Ivan"]
[Black "Sarbok, Torsten"]
[Result "1-0"]
[WhiteElo "2607"]
[BlackElo "2319"]
[EventDate "2010.03.06"]
[PlyCount "69"]

1.e4 c6 2.d4 d5 3.f3 e6 4.Nc3 b5 5.a3 b4 6.axb4 Bxb4 7.Be3 dxe4 8.fxe4 
Qh4+ 9.g3 Qxe4 10.Qd2 Qd5 11.Bg2 Qd8 12.Nf3 Ne7 13.Ne5 Nd5 14.Bf2 O-O 15.
O-O Bb7 16.Nd3 Be7 17.Ne4 Nd7 18.Ra5 f5 19.Nec5 Nxc5 20.Nxc5 Bxc5 21.Rxc5 
Qd6 22.Re1 Rae8 23.Qe2 Ba8 24.Qe5 Qd7 25.Ra5 Re7 26.Rea1 Rfe8 27.c4 Nb6 
28.b3 Nc8 29.Bf3 Qc7 30.Be3 Qb6 31.Bh5 c5 32.Bxe8 Rxe8 33.d5 Qxb3 34.Rxc5 
Nd6 35.Bd4 1-0

[Event "11th EUR-ch"]
[Site "Rijeka CRO"]
[Date "2010.03.06"]
[Round "1"]
[White "Sandalakis, Angelos"]
[Black "Potkin, Vladimir"]
[Result "0-1"]
[WhiteElo "2319"]
[BlackElo "2606"]
[EventDate "2010.03.06"]
[PlyCount "74"]

1.e4 c5 2.Nf3 e6 3.d4 cxd4 4.Nxd4 Nc6 5.Nc3 a6 6.Be3 Qc7 7.f4 b5 8.Bd3 Bb7
9.Nb3 d6 10.O-O Nf6 11.a3 Be7 12.Qf3 Rc8 13.Rae1 b4 14.Na4 bxa3 15.bxa3 
O-O 16.Nb6 Rb8 17.Qe2 Na7 18.e5 dxe5 19.fxe5 Nd5 20.Nxd5 Bxd5 21.a4 Nc6 
22.Nc5 Nd4 23.Qh5 g6 24.Nxa6 Qc3 25.Qd1 Rbc8 26.Bxg6 hxg6 27.Bxd4 Qc4 28.
Qd2 Qxa6 29.c3 Qxa4 30.Qh6 Rc4 31.Rf4 Qc2 32.Rf2 Qd3 33.Re3 Qd1+ 34.Rf1 
Qg4 35.Rg3 Rxd4 36.cxd4 Qxd4+ 37.Kh1 Qxe5 0-1

[Event "11th EUR-ch"]
[Site "Rijeka CRO"]
[Date "2010.03.06"]
[Round "1"]
[White "Safarli, Eltaj"]
[Black "Bohnisch, Manfred"]
[Result "1-0"]
[WhiteElo "2606"]
[BlackElo "2316"]
[EventDate "2010.03.06"]
[PlyCount "43"]

1.e4 c6 2.d4 d5 3.exd5 cxd5 4.c4 Nf6 5.Nc3 e6 6.Nf3 Bb4 7.cxd5 Nxd5 8.Bd2 
Nc6 9.Bd3 Be7 10.O-O O-O 11.Re1 Ndb4 12.Bf4 Nxd3 13.Qxd3 b6 14.Rad1 Bb7 
15.a3 Bd6 16.Ng5 g6 17.Qh3 h5 18.Nxe6 fxe6 19.Bxd6 Rf6 20.Ne4 Rf5 21.Qg3 
g5 22.h4 1-0

[Event "11th EUR-ch"]
[Site "Rijeka CRO"]
[Date "2010.03.06"]
[Round "1"]
[White "Chudinovskikh, Alexander"]
[Black "Lenic, Luka"]
[Result "0-1"]
[WhiteElo "2314"]
[BlackElo "2603"]
[EventDate "2010.03.06"]
[PlyCount "70"]

1.e4 c6 2.Nf3 d5 3.Nc3 Nf6 4.e5 Ne4 5.Nb1 Qb6 6.Qe2 Bg4 7.d3 Nc5 8.Nbd2 e6
9.h3 Bh5 10.g3 Ncd7 11.Bg2 Be7 12.O-O c5 13.c4 Nc6 14.g4 Bg6 15.a3 Rd8 16.
Re1 O-O 17.cxd5 exd5 18.h4 h5 19.g5 Qb5 20.Bf1 Rfe8 21.b4 Ndxe5 22.Nxe5 
Nxe5 23.d4 Nd3 24.Qf3 c4 25.Bxd3 cxd3 26.Nf1 Qb6 27.Be3 Bd6 28.Nd2 Bb8 29.
Rad1 Qa6 30.Ra1 Qd6 31.Nf1 Re4 32.Qh3 Rg4+ 33.Ng3 Be4 34.Kf1 Qe6 35.Bd2 
Bxg3 0-1

[Event "11th EUR-ch"]
[Site "Rijeka CRO"]
[Date "2010.03.06"]
[Round "1"]
[White "Kozul, Zdenko"]
[Black "Medancic, Rikard"]
[Result "1-0"]
[WhiteElo "2602"]
[BlackElo "2311"]
[EventDate "2010.03.06"]
[PlyCount "85"]

1.d4 d5 2.c4 Nc6 3.Nc3 e5 4.cxd5 Nxd4 5.f4 Bd6 6.e3 Nf5 7.e4 Qh4+ 8.g3 
Nxg3 9.Nf3 Qh5 10.Bb5+ Kf8 11.Rg1 exf4 12.hxg3 fxg3 13.e5 Bg4 14.exd6 Bxf3
15.Qd4 cxd6 16.Rxg3 Nf6 17.Bg5 Ng4 18.Bf4 Ne5 19.Bxe5 dxe5 20.Qc5+ Kg8 21.
Kf2 Bg4 22.d6 Qh2+ 23.Rg2 Qf4+ 24.Kg1 h5 25.Nd5 Qd4+ 26.Qxd4 exd4 27.Ne7+ 
Kf8 28.Rf2 Rh6 29.Raf1 Be6 30.Rd1 Rd8 31.Rxd4 a6 32.Bf1 Bxa2 33.Rfd2 Rd7 
34.Kh2 Be6 35.Rc2 Rd8 36.Bg2 Bg4 37.Rf2 Rd7 38.Nc8 g5 39.Nb6 Rd8 40.Nc4 b5
41.Na5 Bd7 42.b4 g4 43.Nb7 1-0